Redireccionamientos al laboratorio de química : una aventura investigativa hacia la universidad del futuro /

Detalles Bibliográficos
Autores principales: Casas Mateus, Jaime Augusto (Autor), Guerrero Villalobos, Liliana Rocío (Autor)
Formato: Electrónico eBook
Lenguaje:español
Publicado: Bogotá, Colombia : Universidad Pedagógica Nacional, 2024.
Edición:Primera edición.
Colección:Colección Perspectivas didácticas.
Materias:
Acceso en línea:Digitalia Hispánica

MARC

LEADER 00000nam a2200000Ii 4500
001 DIGUPEDNAC0111
003 NyNyDIG
006 m o d
007 cr |||||||||||
008 251016s2024 ck a ob 000 0 spa d
035 |a (OCoLC)1534189641 
040 |a DGITA  |b eng  |e rda  |e pn  |c DGITA 
020 |a 9786287760158  |q pdf 
020 |a 9786287760165  |q ePub 
020 |z 9786287760257  |q impreso 
043 |a s-ck--- 
050 1 4 |a QD49.C7 ebook 
100 1 |a Casas Mateus, Jaime Augusto,  |e author. 
245 1 0 |a Redireccionamientos al laboratorio de química :  |b una aventura investigativa hacia la universidad del futuro /  |c Jaime Augusto Casas Mateus, Liliana Rocío Guerrero Villalobos. 
250 |a Primera edición. 
264 1 |a Bogotá, Colombia :  |b Universidad Pedagógica Nacional,  |c 2024. 
300 |a 1 online resource :  |b illustrations. 
336 |a text  |b txt  |2 rdacontent 
337 |a computer  |b c  |2 rdamedia 
338 |a online resource  |b cr  |2 rdacarrier 
347 |a text file  |2 rdaft 
347 |b PDF 
490 1 |a Colección Perspectivas didácticas 
504 |a Includes bibliographical references. 
588 0 |a Online resource; title from PDF title page (Digitalia, viewed October 16, 2025) 
650 0 |a Chemistry  |x Study and teaching (Higher)  |z Colombia. 
650 0 |a Chemical laboratories  |z Colombia. 
700 1 |a Guerrero Villalobos, Liliana Rocío,  |e author. 
776 0 8 |i Print version:  |a Casas Mateus, Jaime Augusto.  |t Redireccionamientos al laboratorio de química.  |b Primera edición.  |d Bogotá, Colombia : Universidad Pedagógica Nacional, 2024  |z 9786287760257 
791 2 |a Digitalia (Firm),  |e distributor. 
793 0 |g Digitalia eBook Collection:  |a Universidad Pedagógica Nacional 
830 0 |a Colección Perspectivas didácticas. 
856 4 0 |3 Digitalia Hispánica  |u https://www.digitaliapublishing.com/a/180690/ 
910 |a Premium collection: 2025